=LDR 00000nam 2200000 4500 =001 INLIS000000000006274 =005 20251106101434 =035 ##$$a 0010-1125000148 =007 ta =008 251106###########################0#ind## =082 ##$$a 335.042 =084 ##$$a 335.042 BAD p =245 1#$$a Pengalaman Keterpaduan Kelompok UPPKA dengan Koperasi/KUD : $b - /$c Badan Koordinasi Keluarga Berencana Nasional =260 ##$$a Buleleng :$b Badan Koordinasi Keluarga Berencana Nasional,$c 1991 =300 ##$$a 6 hal : $b - ; $c 21 cm =650 #4$$a Keluarga Berencana =110 #$$a Badan Koordinasi Keluarga Berencana Nasional =856 ##$$a Perpustakaan Kemendukbangga